|
|
|
|
| LEADER |
00684nab a2200205 i 4500 |
| 001 |
acta5792 |
| 005 |
20251003121334.0 |
| 008 |
161015s2005 hu o 000 eng d |
| 022 |
|
|
|a 1588-2039
|
| 040 |
|
|
|a SZTE Egyetemi Kiadványok Repozitórium
|b hun
|
| 041 |
|
|
|a eng
|
| 100 |
1 |
|
|a Székely Melinda
|
| 245 |
1 |
0 |
|a Pliny the Elder and the problem of Regnum Hereditarium
|h [elektronikus dokumentum] /
|c Székely Melinda
|
| 260 |
|
|
|c 2005
|
| 300 |
|
|
|a 7-18
|
| 490 |
0 |
|
|a Chronica
|v 5
|
| 650 |
|
4 |
|a Bölcsészettudományok
|
| 650 |
|
4 |
|a Történettudomány és régészet
|
| 695 |
|
|
|a Történettudomány
|
| 856 |
4 |
0 |
|u http://acta.bibl.u-szeged.hu/5792/1/chronica_005_007-018.pdf
|z Dokumentum-elérés
|